=LDR 00000nam 2200000 4500 =001 INLIS000000000019530 =005 20130612114559 =008 ***********************************Ind** =035 ##$$0010-061300000019530 =041 ##$$a Ind =082 ##$$a 813.06 =090 ##$$a 813.06, Tai i =100 ##$$a Tain, Sabaruddin =245 ##$$a Iman Al-Gazali, mercu suar islam, Sabaruddin Tain ; penerjemah, Johny Barliana =260 ##$$a 2005 $b [s.l] =300 ##$$a iv, 58 hlm, ilus, 21 cm =650 ##$$a Fiksi Indonesia-Komik =850 ##$$a NBPNMAT